Malý slovník daňového práva : (výkladový slovník) /

Uložené v:
Podrobná bibliografia
Hlavný autor: Pauličková, Alena (Author)
Médium: Kniha
Jazyk:Slovak
Vydané: Bratislava : Eurounion, 2006
Vydanie:[1. vyd.]
Témy:
ISBN: 8088984912 (brož.)
Fyzický popis: 158 s. ; 21 cm
Tagy: Pridať tag
Žiadne tagy, Buďte prvý kto otaguje tento záznam!

MARC

LEADER 00000nam a2200000 a 4500
001 000293133
005 20070413082033.0
008 070227s2006 xo e l 000 0 sloo
020 |a 8088984912 (brož.) 
040 |a SVKKK  |b slo  |c SVKKK  |e AACR2 
041 0 |a slo 
044 |a xo  |c SK 
072 7 |a 336.1/.5  |x Verejné financie  |2 konspekt 
080 |a 336.22  |2 1997 
080 |a 81`373.46  |2 1997 
080 |a (038.072)  |2 1997 
100 1 |a Pauličková, Alena  |4 aut 
245 1 0 |a Malý slovník daňového práva :  |b (výkladový slovník) /  |c Alena Pauličková 
250 |a [1. vyd.] 
260 |a Bratislava :  |b Eurounion,  |c 2006 
300 |a 158 s. ;  |c 21 cm 
504 |a Poznámky pod čiarou 
650 0 7 |a dane  |2 SVKKKPH 
650 0 7 |a odborná terminológia  |2 SVKKKPH 
655 7 |a výkladové slovníky  |2 SVKKKPH 
655 7 |a slovníky  |2 SVKKKPH 
919 |a 80-88984-91-2 
998 |a BK 
090 |g SCKHL  |k Sklad Hlavná 10 prízemie  |a III.206096  |j 987141  |i 2720099851  |s Absenčne 
090 |g SCKHL  |k Sklad Hlavná 10 prízemie  |a III.206097  |j 987142  |i 2720099852  |s Absenčne